00800nam a22001937a 450000500170000000800410001702000180005804000090007624501130008525000230019830000180022150501960023965000390043565000260047465000410050070000210054170000250056270000190058720220718135047.0220622s2016 mx a|||fr|||| 001 ||spa d a9786124147593 cChap 0aDomesticación en el continente americano/ceditores: Alejandro Casas, Juan Torres Guevara y Fabiola Parra. aPrimera edición. a2 volúmenes aVolumen 1: Manejo de biodiversidad y evolución dirigida por las culturas del nuevo mundo. -- Volumen 2: Investigación para el manejo sustentable de recursos genéticos en el Nuevo Mundo. 2aConservación de la biodiversidad 0aDiversidad genética 7aRecursos genéticosxConservación0 aCasas, Alejandro aTorres Guevara, Juan aParra, Fabiola